00694 2200253 4500001002100000005001700021008004100038020001800079035002400097082001000121090002200131100002300153245006900176250001100245260004100256300002700297440002400324650002100348700001300369850001600382980001400398985000600412999002200418YOGYA-0209000004531720090227030846.0 ind  a979-9246-84-9 0010-020900000045317 a028.5 a028.5bSan HlDEP aSANTOSO, M.B. Iman aHadiah ulang tahun TinicM.B. Iman Santoso; penyunting, Daryatun aCet. 1 aYogyakartabAdicita Karya Nusac2006 a24 hlmbilusc15x21 cm a(seri budi pekerti) aBacaan bergambar aDaryatun aYOPDYOG (M) a21-5-2007 a1 aCB-D.11 2006-698h